000 00623nam a2200157 4500
999 _c16394
_d16394
008 220203b ||||| |||| 00| 0 eng d
022 _a0893-8989
082 _aDPer 363.205 P75 Sept 2013-May 2016 v. 37 & 40, n. 9-11/1-5
100 _aSmith, Dave.
_943861
245 _aGuilt, shame, and the crimefighter:
_bdon't let past mistakes haunt your present and affect your future/
_cDave Smith.
260 _aCalifornia:
_bBobit Business Media,
_c©Sept 2013-May 2016.
300 _av37 n11, page 80;
_billustrations:
_c27 cm.
500 _aPolice: the law enforcement.
650 _aPolice
_xDignity.
_943862
942 _2ddc
_cPER